02022nam a2200373Ia 4500001001200000003000800012006001900020007001500039008004100054020001800095020001800113040002100131035002100152050002500173245034000198246005300538250001200591260007100603300002500674500017100699504005100870533015200921650004801073650004201121650005101163650006001214655002901274710004001303710003601343710007201379710005401451710001701505856012601522ebr10629635CaPaEBRm u cr cn|||||||||101102s2011 ilua sb 001 0 eng d z9781581104837 z9781581106428 aCaPaEBRcCaPaEBR a(OCoLC)82012412314aHQ778.63b.C3 2011eb00aCaring for our childrenh[electronic resource] :bnational health and safety performance standards : guidelines for early care and education programs /ca joint collaborative project of American Academy of Pediatrics, American Public Health Association, National Resource Center for Health and Safety in Child Care and Early Education.1 aNational health and safety performance standards a3rd ed. aElk Grove Village, Ill. :bAmerican Academy of Pediatrics,cc2011. axxix, 579 p. :bill. a"Support for the project was provided by the Maternal and Child Health Bureau, Health Resources and Services Administration, Department of Health and Human Services." aIncludes bibliographical references and index. aElectronic reproduction.bPalo Alto, Calif. :cebrary,d2011.nAvailable via World Wide Web.nAccess may be limited to ebrary affiliated libraries. 0aDay care centersxStandardszUnited States. 0aChild carexStandardszUnited States. 0aChild care servicesxStandardszUnited States. 0aChildrenxHealth and hygienexStandardszUnited States. 7aElectronic books.2local2 aAmerican Public Health Association.2 aAmerican Academy of Pediatrics.2 aNational Resource Center for Health and Safety in Child Care (U.S.)1 aUnited States.bMaternal and Child Health Bureau.2 aebrary, Inc.40uhttp://site.ebrary.com/lib/rucke/Doc?id=10629635zAn electronic book accessible through the World Wide Web; click to view